| 000 | 00364pab a2200145 454500 | ||
|---|---|---|---|
| 008 | 180718b2003 xxu||||| |||| 00| 0 eng d | ||
| 100 | _aSantosh Kumar | ||
| 245 | _aPanchayati raj institutions, parallel bodies and governance | ||
| 260 | _c2003 | ||
| 300 | _ap.146-63. | ||
| 362 | _aJan-Jun | ||
| 650 | _aPanchayat | ||
| 773 | _aIASSI Quarterly | ||
| 909 | _a60967 | ||
| 999 |
_c60967 _d60967 |
||